Gender dimensions in development: (Record no. 165)

MARC details
000 -LEADER
fixed length control field 003950000a22001330004500
005 - DATE AND TIME OF LATEST TRANSACTION
control field 20240626132820.0
008 - FIXED-LENGTH DATA ELEMENTS--GENERAL INFORMATION
fixed length control field 230817t1999 ||||| |||| 00| 0 eng d
082 ## - DEWEY DECIMAL CLASSIFICATION NUMBER
Classification number 305.3
Item number GEN
942 ## - ADDED ENTRY ELEMENTS (KOHA)
Item Type Reports
245 ## - TITLE STATEMENT
Title Gender dimensions in development:
Sub Title statistics of Bangladesh 1999
260 ## - PUBLICATION, DISTRIBUTION, ETC. (IMPRINT)
Place of Publication Bangladesh:
Name of Publisher Ministry of Planning
Date of Copyright 1999
300 ## - PHYSICAL DESCRIPTION
Extent 116 p.
650 ## - SUBJECT ADDED ENTRY--TOPICAL TERM
Topical Term GENDER DIMENSIONS-Statistics-Bangladesh
Holdings
Withdrawn status Lost status Damaged status Not for loan Permanent location Current location Date acquired Total Checkouts Full call number Barcode Date last seen Price effective from Koha item type
        Resource center, Muslim Women's Research And Action Forum Resource center, Muslim Women's Research And Action Forum 2023-08-17   305.3 GEN RAF4004 2023-08-17 2023-08-17 Reports

Copyright © 2023 Muslim Women's Research and Action Forum (MWRAF), No 27/3, Anderson Road, Kalubowila, Dehiwela. Funded by The Asia Fundation